1874 1796 1237 1246 1741 1532 1619 1378 1941 1915 1362 1241 1049 1977 1636 1140 1389 1948 1153 1089 1555 1393 1314 1649 1185 1423 1989 1500 1524 1242 1815 1670 1319 1829 1811 1366 1540 1540 1530 1108 1752 1262 1196 1778 1238 1881 1403 1256 1167 1194 1004 1344 1319 1397 1072 1564 1037 1564 1588 1954 1362 1880 1384 1487 1222 1529 1240 1770 1757 1408 1673 1653 1797 1945 1559 1211 1733 1686 1228 1668 1854 1677 1069 1653 1615 1655 1032 2000 1525 1214 1843 1004 1517 1692 1863 1196 1557 1810 1320 BCNSPRNW ULIB Ver.6.0+V

เปลี่ยนเป็นภาษาไทย

Change to English
 แสดงรายละเอียดบรรณานุกรม
  กลับหน้าหลัก

Brief Record : Get Marc (ISO 2709) : E-mail record : QR code < ปิดหน้าต่าง
LEADER : 00000nam 2200000uu 4500
001    13399108480
003     ULIB
008    110304s2545||||th 000 0 tha d
060 04 QV76^bส652ว 2545
245 00 วิวาทะเรื่องยาพีพีเอ /^cสำนักงานคณะกรรมการอาหารและยา
260    [นนทบุรี] :^bสำนักงาน,^c2545
300    352 หน้า ;^c29 ซม.
500    ชื่อเรื่องที่ปก: "วิวาทะเรื่อง...ยาพีพีเอ"
650  7 ยาแก้ไอ
650  7 ยาแก้หวัด
650  7 ยาลดน้ำมูก
650  7 ฟีนิย์ลโปรปาโนลามีน
710 2  สำนักงานคณะกรรมการอาหารและยา
740 02 วิวาทะเรื่อง...ยาพีพีเอ
945    ^p0^l0^i014336
945    ^p0^l0^i014337
995    ทศพร
999 ^a ใช้งานได้ทุกระบบ
รายการนี้ยังไม่มีแท็ก
คุณยังไม่ได้ล็อกอิน คุณสามารถมีกิจกรรมร่วมกับเว็บไซต์ได้ แต่ต้องล็อกอินก่อน ::
  ล็อกอิน

รายการสื่อสารสนเทศ

ลำดับที่ ประเภท เลขเรียก/บาร์โค้ด สถานที่ สถานะ
- ไม่พบข้อมูล -

รายการใกล้เคียง
    หัวเรื่อง [ยาแก้ไอ]
    หัวเรื่อง [ยาแก้หวัด]
    หัวเรื่อง [ยาลดน้ำมูก]
    หัวเรื่อง [ฟีนิย์ลโปรปาโนลามีน]

BibComment


ยังไม่เคยถูกคอมเมนท์

คอมเมนท์ทรัพยากรรายการนี้
  คอมเมนท์: วิวาทะเรื่องยาพีพ..


 Copyright 2026. Bcnsprnw @Library